{"text_format":"3","workbook":"xlsx","n_sheets":1,"sheets":["t597"],"read":"whole","date_system":"1900"}

{"sheet":"t597","index":0,"n_rows":200,"n_cols":7,"rows_kept":200,"merged":[[0,0,0,6],[30,0,30,5],[47,0,47,5],[158,0,158,5]]}
["TABELA 597.1 - Estatísticas Agrícolas, Município de Tatuí, Estado de São Paulo, 2007/08."]
["ITEM","UNIDADE","N.DE UPAs","MÍNIMO","MÉDIO","MÁXIMO","TOTAL"]
["Distância à sede do município","km",{"v":1016,"d":"1,016"},0.5,{"v":10.34,"d":"10.3"},{"v":27,"d":"27.0"},"-"]
["Área total","hectare",{"v":1016,"d":"1,016"},0.3,37.5,{"v":1383,"d":"1,383.0"},{"v":38103.3,"d":"38,103.3"}]
["Área com cultura perene","hectare",32,0.1,{"v":26.31,"d":"26.3"},{"v":313,"d":"313.0"},841.8]
["Área com cultura temporária","hectare",367,0.1,{"v":40.98,"d":"41.0"},994.6,{"v":15039.8,"d":"15,039.8"}]
["Área com pastagem","hectare",852,0.3,19.4,{"v":210,"d":"210.0"},{"v":16526.3,"d":"16,526.3"}]
["Área com reflorestamento","hectare",48,0.1,{"v":4.65,"d":"4.7"},{"v":45,"d":"45.0"},223.2]
["Área com vegetação natural","hectare",666,0.1,{"v":4.47,"d":"4.5"},303.2,{"v":2980.1,"d":"2,980.1"}]
["Área com vegetação de brejo e várzea","hectare",71,0.1,{"v":2.85,"d":"2.9"},{"v":17,"d":"17.0"},202.5]
["Área em descanso","hectare",49,0.5,{"v":10.37,"d":"10.4"},40.2,507.9]
["Área complementar","hectare",899,0.1,{"v":1.98,"d":"2.0"},85.2,{"v":1781.7,"d":"1,781.7"}]
["Área das UPAs com (0, 1] ha","hectare",7,0.3,0.6,0.9,4.2]
["Área das UPAs com (1, 2] ha","hectare",8,1.2,{"v":1.73,"d":"1.7"},{"v":2,"d":"2.0"},13.8]
["Área das UPAs com (2, 5] ha","hectare",174,2.2,{"v":3.73,"d":"3.7"},{"v":5,"d":"5.0"},649.3]
["Área das UPAs com (5, 10] ha","hectare",209,5.1,{"v":7.71,"d":"7.7"},{"v":10,"d":"10.0"},{"v":1611,"d":"1,611.0"}]
["Área das UPAs com (10, 20] ha","hectare",212,10.2,{"v":15,"d":"15.0"},{"v":20,"d":"20.0"},{"v":3180.3,"d":"3,180.3"}]
["Área das UPAs com (20, 50] ha","hectare",212,20.3,{"v":32.04,"d":"32.0"},{"v":50,"d":"50.0"},{"v":6793.3,"d":"6,793.3"}]
["Área das UPAs com (50, 100] ha","hectare",107,50.8,{"v":69.69,"d":"69.7"},99.2,{"v":7456.4,"d":"7,456.4"}]
["Área das UPAs com (100, 200] ha","hectare",57,100.1,{"v":141.96,"d":"142.0"},196.2,{"v":8091.9,"d":"8,091.9"}]
["Área das UPAs com (200, 500] ha","hectare",27,200.8,{"v":284.79,"d":"284.8"},458.4,{"v":7689.3,"d":"7,689.3"}]
["Área das UPAs com (500, 1.000] ha","hectare",2,506.8,615.4,{"v":724,"d":"724.0"},{"v":1230.8,"d":"1,230.8"}]
["Área das UPAs com (1.000, 2.000] ha","hectare",1,{"v":1383,"d":"1,383.0"},{"v":1383,"d":"1,383.0"},{"v":1383,"d":"1,383.0"},{"v":1383,"d":"1,383.0"}]
["Área das UPAs com (2.000, 5.000] ha","hectare","-","-","-","-","-"]
["Área das UPAs com (5.000, 10.000] ha","hectare","-","-","-","-","-"]
["Área das UPAs acima de 10.000 ha","hectare","-","-","-","-","-"]
["Familiares do proprietário que trabalham na UPA","unidade",614,{"v":1,"d":"1.0"},{"v":1.66,"d":"1.7"},{"v":10,"d":"10.0"},{"v":1018,"d":"1,018.0"}]
["Trabalhadores permanentes","unidade",391,{"v":1,"d":"1.0"},{"v":2.73,"d":"2.7"},{"v":90,"d":"90.0"},{"v":1066,"d":"1,066.0"}]
["Fonte: Secretaria de Agricultura e Abastecimento, CDRS/IEA, Projeto LUPA."]
[]
["TABELA 597.2 - Explorações Animais, Município de Tatuí, Estado de São Paulo, 2007/08."]
["ITEM","UNIDADE","N.DE UPAs","MÍNIMO","MÉDIO","MÁXIMO","TOTAL"]
["Asininos E Muares","cabeças",3,{"v":1,"d":"1.0"},{"v":1.33,"d":"1.3"},{"v":2,"d":"2.0"},{"v":4,"d":"4.0"}]
["Avicultura de Corte","cabeças/ano",39,{"v":2,"d":"2.0"},{"v":97872.15,"d":"97,872.2"},{"v":400000,"d":"400,000.0"},{"v":3817014,"d":"3,817,014.0"}]
["Avicultura Ornamental/Decorativa/Exótica","cabeças",5,{"v":10,"d":"10.0"},{"v":22,"d":"22.0"},{"v":30,"d":"30.0"},{"v":110,"d":"110.0"}]
["Avicultura para Ovos","cabeças",15,{"v":20,"d":"20.0"},{"v":51449.67,"d":"51,449.7"},{"v":450000,"d":"450,000.0"},{"v":771745,"d":"771,745.0"}]
["Bovinocultura de Corte","cabeças",57,{"v":3,"d":"3.0"},{"v":64.09,"d":"64.1"},{"v":258,"d":"258.0"},{"v":3653,"d":"3,653.0"}]
["Bovinocultura Leiteira","cabeças",58,{"v":2,"d":"2.0"},{"v":37.34,"d":"37.3"},{"v":298,"d":"298.0"},{"v":2166,"d":"2,166.0"}]
["Bovinocultura Mista","cabeças",540,{"v":1,"d":"1.0"},{"v":29.61,"d":"29.6"},{"v":350,"d":"350.0"},{"v":15991,"d":"15,991.0"}]
["Bubalinocultura","cabeças",3,{"v":7,"d":"7.0"},{"v":9.33,"d":"9.3"},{"v":11,"d":"11.0"},{"v":28,"d":"28.0"}]
["Caprinocultura","cabeças",2,{"v":5,"d":"5.0"},6.5,{"v":8,"d":"8.0"},{"v":13,"d":"13.0"}]
["Carcinocultura","pós-larvas",1,{"v":6,"d":"6.0"},{"v":6,"d":"6.0"},{"v":6,"d":"6.0"},{"v":6,"d":"6.0"}]
["Equinocultura","cabeças",190,{"v":1,"d":"1.0"},{"v":5.81,"d":"5.8"},{"v":186,"d":"186.0"},{"v":1104,"d":"1,104.0"}]
["Ovinocultura","cabeças",15,{"v":2,"d":"2.0"},{"v":80.93,"d":"80.9"},{"v":800,"d":"800.0"},{"v":1214,"d":"1,214.0"}]
["Suinocultura","cabeças",14,{"v":1,"d":"1.0"},{"v":19.93,"d":"19.9"},{"v":70,"d":"70.0"},{"v":279,"d":"279.0"}]
["Fonte: Secretaria de Agricultura e Abastecimento, CDRS/IEA, Projeto LUPA."]
[]
["TABELA 597.3 -  Máquinas, Implementos e Benfeitorias, Município de Tatuí, Estado de São Paulo, 2007/08."]
["ITEM","UNIDADE","N.DE UPAs","MÍNIMO","MÉDIO","MÁXIMO","TOTAL"]
["Arado Comum (Bacia, Aiveca)","Unidade",174,{"v":1,"d":"1.0"},{"v":1.07,"d":"1.1"},{"v":3,"d":"3.0"},{"v":187,"d":"187.0"}]
["Arado Escarificador","Unidade",30,{"v":1,"d":"1.0"},{"v":1.23,"d":"1.2"},{"v":4,"d":"4.0"},{"v":37,"d":"37.0"}]
["Arado Subsolador","Unidade",42,{"v":1,"d":"1.0"},{"v":1.24,"d":"1.2"},{"v":4,"d":"4.0"},{"v":52,"d":"52.0"}]
["Batedeira de Cereais","Unidade",29,{"v":1,"d":"1.0"},{"v":1.03,"d":"1.0"},{"v":2,"d":"2.0"},{"v":30,"d":"30.0"}]
["Carregadeira de Cana","Unidade",5,{"v":1,"d":"1.0"},2.6,{"v":4,"d":"4.0"},{"v":13,"d":"13.0"}]
["Colhedeira Acoplada","Unidade",6,{"v":1,"d":"1.0"},{"v":1,"d":"1.0"},{"v":1,"d":"1.0"},{"v":6,"d":"6.0"}]
["Colhedeira Automotriz","Unidade",3,{"v":1,"d":"1.0"},{"v":1,"d":"1.0"},{"v":1,"d":"1.0"},{"v":3,"d":"3.0"}]
["Computador","Unidade",1,{"v":1,"d":"1.0"},{"v":1,"d":"1.0"},{"v":1,"d":"1.0"},{"v":1,"d":"1.0"}]
["Conj.Irrigação Autopropelido","Unidade",4,{"v":1,"d":"1.0"},{"v":1.75,"d":"1.8"},{"v":4,"d":"4.0"},{"v":7,"d":"7.0"}]
["Conj.Irrigação Convencional","Unidade",30,{"v":1,"d":"1.0"},1.2,{"v":3,"d":"3.0"},{"v":36,"d":"36.0"}]
["Conj.Irrigação Pivot Central","Unidade",2,{"v":1,"d":"1.0"},1.5,{"v":2,"d":"2.0"},{"v":3,"d":"3.0"}]
["Conj.Irrigação/Gotejamento/Microaspersão","Unidade",1,{"v":1,"d":"1.0"},{"v":1,"d":"1.0"},{"v":1,"d":"1.0"},{"v":1,"d":"1.0"}]
["Conjunto de Fenação","Unidade",15,{"v":1,"d":"1.0"},{"v":1,"d":"1.0"},{"v":1,"d":"1.0"},{"v":15,"d":"15.0"}]
["Desintegrador de Palha (Plantio Direto)","Unidade",2,{"v":1,"d":"1.0"},{"v":1,"d":"1.0"},{"v":1,"d":"1.0"},{"v":2,"d":"2.0"}]
["Desintegrador, Picador, Triturador","Unidade",267,{"v":1,"d":"1.0"},{"v":1.04,"d":"1.0"},{"v":3,"d":"3.0"},{"v":278,"d":"278.0"}]
["Distribuidor de Calcário","Unidade",43,{"v":1,"d":"1.0"},{"v":1.14,"d":"1.1"},{"v":4,"d":"4.0"},{"v":49,"d":"49.0"}]
["Ensiladeira","Unidade",34,{"v":1,"d":"1.0"},{"v":1.03,"d":"1.0"},{"v":2,"d":"2.0"},{"v":35,"d":"35.0"}]
["Grade Aradora (Tipo Romi)","Unidade",50,{"v":1,"d":"1.0"},{"v":1.14,"d":"1.1"},{"v":3,"d":"3.0"},{"v":57,"d":"57.0"}]
["Grade Niveladora","Unidade",151,{"v":1,"d":"1.0"},{"v":1.04,"d":"1.0"},{"v":2,"d":"2.0"},{"v":157,"d":"157.0"}]
["Implementos para Tração Animal","Unidade",6,{"v":1,"d":"1.0"},1.5,{"v":3,"d":"3.0"},{"v":9,"d":"9.0"}]
["Microtrator","Unidade",10,{"v":1,"d":"1.0"},{"v":1,"d":"1.0"},{"v":1,"d":"1.0"},{"v":10,"d":"10.0"}]
["Misturador de Ração","Unidade",30,{"v":1,"d":"1.0"},1.1,{"v":2,"d":"2.0"},{"v":33,"d":"33.0"}]
["Ordenhadeira Mecânica","Unidade",36,{"v":1,"d":"1.0"},{"v":1,"d":"1.0"},{"v":1,"d":"1.0"},{"v":36,"d":"36.0"}]
["Pulverizador Tratorizado","Unidade",36,{"v":1,"d":"1.0"},{"v":1.33,"d":"1.3"},{"v":5,"d":"5.0"},{"v":48,"d":"48.0"}]
["Resfriador de Leite, Tanque Expansão","Unidade",17,{"v":1,"d":"1.0"},{"v":1.06,"d":"1.1"},{"v":2,"d":"2.0"},{"v":18,"d":"18.0"}]
["Semeadeira/Adubadeira para Plantio Convencional","Unidade",56,{"v":1,"d":"1.0"},{"v":1.09,"d":"1.1"},{"v":4,"d":"4.0"},{"v":61,"d":"61.0"}]
["Semeadeira/Plantadeira Plantio Direto","Unidade",20,{"v":1,"d":"1.0"},{"v":1.15,"d":"1.2"},{"v":2,"d":"2.0"},{"v":23,"d":"23.0"}]
["Terraceador","Unidade",5,{"v":1,"d":"1.0"},{"v":1,"d":"1.0"},{"v":1,"d":"1.0"},{"v":5,"d":"5.0"}]
["Trator de Esteiras","Unidade",2,{"v":1,"d":"1.0"},3.5,{"v":6,"d":"6.0"},{"v":7,"d":"7.0"}]
["Trator de Pneus","Unidade",277,{"v":1,"d":"1.0"},{"v":1.48,"d":"1.5"},{"v":26,"d":"26.0"},{"v":409,"d":"409.0"}]
["Açude/Represa","Unidade",513,{"v":1,"d":"1.0"},{"v":1.58,"d":"1.6"},{"v":12,"d":"12.0"},{"v":811,"d":"811.0"}]
["Alambique","Unidade",2,{"v":1,"d":"1.0"},{"v":1,"d":"1.0"},{"v":1,"d":"1.0"},{"v":2,"d":"2.0"}]
["Almoxarifado/Oficina","Unidade",36,{"v":1,"d":"1.0"},{"v":1.11,"d":"1.1"},{"v":3,"d":"3.0"},{"v":40,"d":"40.0"}]
["Armazém para Grãos Ensacados","Sacas",9,{"v":1,"d":"1.0"},{"v":1.22,"d":"1.2"},{"v":3,"d":"3.0"},{"v":11,"d":"11.0"}]
["Balança para Bovinos","Unidade",24,{"v":1,"d":"1.0"},{"v":1,"d":"1.0"},{"v":1,"d":"1.0"},{"v":24,"d":"24.0"}]
["Balança para Veículos","Unidade",5,{"v":1,"d":"1.0"},{"v":1,"d":"1.0"},{"v":1,"d":"1.0"},{"v":5,"d":"5.0"}]
["Barracão para Granja/Avicultura","Unidade",50,{"v":1,"d":"1.0"},{"v":2.88,"d":"2.9"},{"v":20,"d":"20.0"},{"v":144,"d":"144.0"}]
["Barracão/Galpão/Garagem","Unidade",595,{"v":1,"d":"1.0"},{"v":1.26,"d":"1.3"},{"v":4,"d":"4.0"},{"v":748,"d":"748.0"}]
["Biodigestor","Unidade",2,{"v":1,"d":"1.0"},{"v":1,"d":"1.0"},{"v":1,"d":"1.0"},{"v":2,"d":"2.0"}]
["Casa de Moradia Habitada","Unidade",698,{"v":1,"d":"1.0"},{"v":1.86,"d":"1.9"},{"v":25,"d":"25.0"},{"v":1296,"d":"1,296.0"}]
["Casa de Moradia Total","Unidade",724,{"v":1,"d":"1.0"},{"v":2.06,"d":"2.1"},{"v":25,"d":"25.0"},{"v":1492,"d":"1,492.0"}]
["Curral/Mangueira","Unidade",603,{"v":1,"d":"1.0"},{"v":1.04,"d":"1.0"},{"v":5,"d":"5.0"},{"v":629,"d":"629.0"}]
["Depósito/Tulha","Unidade",31,{"v":1,"d":"1.0"},{"v":1.03,"d":"1.0"},{"v":2,"d":"2.0"},{"v":32,"d":"32.0"}]
["Estábulo","Unidade",59,{"v":1,"d":"1.0"},{"v":1.07,"d":"1.1"},{"v":2,"d":"2.0"},{"v":63,"d":"63.0"}]
["Estufa/Plasticultura","m²",6,{"v":8,"d":"8.0"},{"v":721,"d":"721.0"},{"v":4000,"d":"4,000.0"},{"v":4326,"d":"4,326.0"}]
["Fábrica de Farinha","Unidade",1,{"v":1,"d":"1.0"},{"v":1,"d":"1.0"},{"v":1,"d":"1.0"},{"v":1,"d":"1.0"}]
["Fábrica de Ração","Unidade",2,{"v":1,"d":"1.0"},{"v":1,"d":"1.0"},{"v":1,"d":"1.0"},{"v":2,"d":"2.0"}]
["Instalações para Equinos","Unidade",30,{"v":1,"d":"1.0"},18.1,{"v":114,"d":"114.0"},{"v":543,"d":"543.0"}]
["Máquina de Benefício","Unidade",2,{"v":1,"d":"1.0"},{"v":1,"d":"1.0"},{"v":1,"d":"1.0"},{"v":2,"d":"2.0"}]
["Olaria","Unidade",2,{"v":1,"d":"1.0"},{"v":1,"d":"1.0"},{"v":1,"d":"1.0"},{"v":2,"d":"2.0"}]
["Packing House","Unidade",3,{"v":1,"d":"1.0"},{"v":1.33,"d":"1.3"},{"v":2,"d":"2.0"},{"v":4,"d":"4.0"}]
["Pocilga","Unidade",24,{"v":1,"d":"1.0"},{"v":1.13,"d":"1.1"},{"v":3,"d":"3.0"},{"v":27,"d":"27.0"}]
["Poço Semi-Artesiano","Unidade",50,{"v":1,"d":"1.0"},1.2,{"v":3,"d":"3.0"},{"v":60,"d":"60.0"}]
["Secador de Grãos","Unidade",3,{"v":1,"d":"1.0"},{"v":1.67,"d":"1.7"},{"v":3,"d":"3.0"},{"v":5,"d":"5.0"}]
["Silo para Grãos","t",6,{"v":1,"d":"1.0"},539.5,{"v":2400,"d":"2,400.0"},{"v":3237,"d":"3,237.0"}]
["Silo para Silagem","t",34,{"v":1,"d":"1.0"},{"v":306.74,"d":"306.7"},{"v":10000,"d":"10,000.0"},{"v":10429,"d":"10,429.0"}]
["Terreiro","m²",3,{"v":1,"d":"1.0"},{"v":67.33,"d":"67.3"},{"v":200,"d":"200.0"},{"v":202,"d":"202.0"}]
["Usina de Açúcar/destilaria","Unidade",1,{"v":1,"d":"1.0"},{"v":1,"d":"1.0"},{"v":1,"d":"1.0"},{"v":1,"d":"1.0"}]
["Fonte: Secretaria de Agricultura e Abastecimento, CDRS/IEA, Projeto LUPA."]
[]
["TABELA 597.4 - Outras Estatísticas Agrícolas, Município de Tatuí, Estado de São Paulo, 2007/08."]
["ITEM","Número de UPAs",null,"Percentual"]
["Faz Parte de Associação de Produtores",59,null,{"v":5.807086614173229,"d":"5.8"}]
["Faz Parte de Cooperativa de Produtores",45,null,{"v":4.429133858267717,"d":"4.4"}]
["Faz Parte do Sindicato de Produtores",192,null,{"v":18.89763779527559,"d":"18.9"}]
["Não utiliza assistência técnica ",760,null,{"v":74.80314960629921,"d":"74.8"}]
["Utiliza somente assistência técnica governamental ",47,null,{"v":4.625984251968504,"d":"4.6"}]
["Utiliza somente assistência técnica privada ",180,null,{"v":17.716535433070867,"d":"17.7"}]
["Utiliza assistência técnica tanto governamental quanto privada",29,null,{"v":2.8543307086614176,"d":"2.9"}]
["Utiliza Crédito Rural",49,null,{"v":4.822834645669292,"d":"4.8"}]
["Utiliza Seguro Rural",5,null,{"v":0.4921259842519685,"d":"0.5"}]
["Utiliza Escrituração Agrícola",88,null,{"v":8.661417322834646,"d":"8.7"}]
["Acessa Internet p/ Fins na Agropecuária",52,null,{"v":5.118110236220472,"d":"5.1"}]
["Utiliza Computador nas Atividades Agropecuárias",35,null,{"v":3.4448818897637796,"d":"3.4"}]
["Utiliza Energia Elétrica Para Uso na Atividade Agrícola",860,null,{"v":84.64566929133858,"d":"84.6"}]
["Realiza Análise de Solo, quando necessário",156,null,{"v":15.354330708661417,"d":"15.4"}]
["Utiliza Práticas de Conservação de Solo, quando necessário",298,null,{"v":29.330708661417322,"d":"29.3"}]
["Faz Adubação Mineral, quando necessário",314,null,{"v":30.905511811023622,"d":"30.9"}]
["Faz Adubação Orgânica, quando necessário",97,null,{"v":9.547244094488189,"d":"9.5"}]
["Faz Adubação Verde, quando necessário",19,null,{"v":1.8700787401574805,"d":"1.9"}]
["Utiliza Manejo Integrado de Pragas (MIP)","-",null,"-"]
["Utiliza Hidroponia",2,null,{"v":0.1968503937007874,"d":"0.2"}]
["Utiliza Plasticultura",5,null,{"v":0.4921259842519685,"d":"0.5"}]
["Utiliza Mudas Fiscalizadas",94,null,{"v":9.251968503937007,"d":"9.3"}]
["Utiliza Semente Melhorada",293,null,{"v":28.838582677165356,"d":"28.8"}]
["Faz Confinamento de Bovinos",8,null,{"v":0.7874015748031497,"d":"0.8"}]
["Utiliza Pastejo Intensivo",268,null,{"v":26.377952755905508,"d":"26.4"}]
["Faz Inseminação Artificial",19,null,{"v":1.8700787401574805,"d":"1.9"}]
["Faz Mineralização do Rebanho",588,null,{"v":57.874015748031496,"d":"57.9"}]
["Faz Vermifugação do Rebanho",599,null,{"v":58.95669291338582,"d":"59.0"}]
["Possui Parceiros /Arrendatários na Exploração Animal",186,null,{"v":18.307086614173226,"d":"18.3"}]
["Esporte e lazer",11,null,{"v":1.0826771653543308,"d":"1.1"}]
["Extração mineral",1,null,{"v":0.0984251968503937,"d":"0.1"}]
["Hotel Fazenda, Pousada ou SPA",1,null,{"v":0.0984251968503937,"d":"0.1"}]
["Pesque-pague",1,null,{"v":0.0984251968503937,"d":"0.1"}]
["Restaurante ou Lanchonete",1,null,{"v":0.0984251968503937,"d":"0.1"}]
["Transformação artesanal","-",null,"-"]
["Turismo rural ou ecoturismo","-",null,"-"]
["Outras atividades econômicas rurais",2,null,{"v":0.1968503937007874,"d":"0.2"}]
["Agroindústria",4,null,{"v":0.3937007874015748,"d":"0.4"}]
["Proprietário sem instrução ou com instrução incompleta",76,null,{"v":7.480314960629921,"d":"7.5"}]
["Proprietário com antigo primário completo",422,null,{"v":41.53543307086614,"d":"41.5"}]
["Proprietário com 1° grau (ou antigo ginasial) completo",126,null,{"v":12.401574803149606,"d":"12.4"}]
["Proprietário com 2° grau (ou antigo colegial) completo",138,null,{"v":13.582677165354331,"d":"13.6"}]
["Proprietário com curso superior completo ",231,null,{"v":22.736220472440944,"d":"22.7"}]
["Pessoa Jurídica",23,null,{"v":2.263779527559055,"d":"2.3"}]
["Proprietário residente na própria UPA ",265,null,{"v":26.082677165354333,"d":"26.1"}]
["Fonte: Secretaria de Agricultura e Abastecimento, CDRS/IEA, Projeto LUPA."]
[]
["TABELA 597.5 - Área Cultivada, Município de Tatuí, Estado de São Paulo, 2007/08."]
["CULTURA","N.DE UPAs","MÍNIMO","MÉDIO","MÁXIMO","TOTAL"]
["Braquiaria",757,0.3,{"v":19.56,"d":"19.6"},{"v":210,"d":"210.0"},{"v":14807.7,"d":"14,807.7"}]
["Cana-de-acucar",176,0.2,{"v":54.41,"d":"54.4"},994.6,{"v":9576.4,"d":"9,576.4"}]
["Milho",196,0.3,{"v":23.53,"d":"23.5"},621.9,{"v":4611.4,"d":"4,611.4"}]
["Outras gramineas para pastagem",70,0.3,{"v":13.15,"d":"13.2"},{"v":121,"d":"121.0"},920.2]
["Laranja",8,0.5,{"v":70.59,"d":"70.6"},{"v":251,"d":"251.0"},564.7]
["Gramas",20,1.2,{"v":27.96,"d":"28.0"},{"v":189,"d":"189.0"},559.2]
["Feijao",10,4.8,32.1,{"v":91,"d":"91.0"},{"v":321,"d":"321.0"}]
["Grama em Placas",4,{"v":5,"d":"5.0"},{"v":72.08,"d":"72.1"},{"v":121,"d":"121.0"},288.3]
["Outras culturas temporárias",6,{"v":24,"d":"24.0"},{"v":41.18,"d":"41.2"},{"v":77,"d":"77.0"},247.1]
["Eucalipto",46,0.1,{"v":4.54,"d":"4.5"},{"v":45,"d":"45.0"},{"v":209,"d":"209.0"}]
["Capim-napier (ou capim-elefante)",11,{"v":1,"d":"1.0"},{"v":14.04,"d":"14.0"},49.8,154.4]
["Banana",5,{"v":5,"d":"5.0"},{"v":14.26,"d":"14.3"},{"v":32,"d":"32.0"},71.3]
["Tangerina",3,2.2,{"v":22.47,"d":"22.5"},{"v":62,"d":"62.0"},67.4]
["Outros viveiros",2,12.4,30.9,49.4,61.8]
["Coloniao",7,2.8,{"v":7.97,"d":"8.0"},16.2,55.8]
["Mandioca",8,0.1,{"v":5.49,"d":"5.5"},{"v":14,"d":"14.0"},43.9]
["Soja",1,{"v":40,"d":"40.0"},{"v":40,"d":"40.0"},{"v":40,"d":"40.0"},{"v":40,"d":"40.0"}]
["Batata-inglesa (ou batata, ou batatinha)",1,{"v":29,"d":"29.0"},{"v":29,"d":"29.0"},{"v":29,"d":"29.0"},{"v":29,"d":"29.0"}]
["Capim-jaragua",4,4.7,{"v":7,"d":"7.0"},9.4,{"v":28,"d":"28.0"}]
["Melancia",3,2.4,{"v":6.47,"d":"6.5"},12.1,19.4]
["Abobora (ou jerimum)",4,{"v":1,"d":"1.0"},3.8,{"v":7,"d":"7.0"},15.2]
["Outras florestais",1,13.7,13.7,13.7,13.7]
["Outras frutiferas",3,2.4,{"v":4.43,"d":"4.4"},8.5,13.3]
["Pomar domestico",9,0.1,{"v":0.32,"d":"0.3"},0.8,2.9]
["Horta domestica",2,0.1,{"v":1.25,"d":"1.3"},2.4,2.5]
["Outras olericolas",1,2.4,2.4,2.4,2.4]
["Brocolos (ou brocolis)",2,0.1,{"v":0.65,"d":"0.7"},1.2,1.3]
["Cafe",1,1.2,1.2,1.2,1.2]
["Outras leguminosas para pastagem",1,{"v":1,"d":"1.0"},{"v":1,"d":"1.0"},{"v":1,"d":"1.0"},{"v":1,"d":"1.0"}]
["Fruta-do-conde (ou pinha, ou anona)",1,{"v":1,"d":"1.0"},{"v":1,"d":"1.0"},{"v":1,"d":"1.0"},{"v":1,"d":"1.0"}]
["Alface",3,0.1,{"v":0.17,"d":"0.2"},0.3,0.5]
["Pinus",1,0.5,0.5,0.5,0.5]
["Beterraba",1,0.2,0.2,0.2,0.2]
["Chicoria (ou chicoria-de-folha-crespa)",1,0.2,0.2,0.2,0.2]
["Cara (ou acara)",1,0.1,0.1,0.1,0.1]
["Acelga",1,0.1,0.1,0.1,0.1]
["Couve-flor",1,0.1,0.1,0.1,0.1]
["Pimenta",1,0.1,0.1,0.1,0.1]
["Couve (ou couve-crespa)",1,0.1,0.1,0.1,0.1]
["Fonte: Secretaria de Agricultura e Abastecimento, CDRS/IEA, Projeto LUPA."]